Small businesses in Scotland are doing well (Record no. 73465)

MARC details
000 -LEADER
fixed length control field 01061cam a2200193 4500
001 - CONTROL NUMBER
control field WB3936-09
008 - FIXED-LENGTH DATA ELEMENTS--GENERAL INFORMATION
fixed length control field 030925n2003 000 0 eng u
035 ## - SYSTEM CONTROL NUMBER
System control number (Sirsi) u123729
245 ## - TITLE STATEMENT
Title Small businesses in Scotland are doing well
260 ## - PUBLICATION, DISTRIBUTION, ETC.
Date of publication, distribution, etc. 2003
490 ## - SERIES STATEMENT
Series statement Scottish Executive News Release
Volume/sequential designation (SEEL081/2003)
520 ## - SUMMARY, ETC.
Summary, etc. 83% of respondents in the "Small business service omnibus survey 2003" commissioned by the Scottish Executive said that their businesses were doing well and 21% of small and medium-sized enterprises (SMEs) employ more people than a year earlier. 63% of respondents said they would encourage others to set up in business with the transport and construction sectors most positive. The full report based on a representative sample of 1 000 wners of SMEs is available at http://www.scotland.gov.uk/library5/enterprise/sbsn-00.asp http://www.scotland.gov.uk/pages/news/2003/09/SEEL081.aspx
590 ## - LOCAL NOTE (RLIN)
Local note WB
650 ## - SUBJECT ADDED ENTRY--TOPICAL TERM
Topical term or geographic name entry element SCOTLAND
650 ## - SUBJECT ADDED ENTRY--TOPICAL TERM
Topical term or geographic name entry element CONSTRUCTION INDUSTRY
650 ## - SUBJECT ADDED ENTRY--TOPICAL TERM
Topical term or geographic name entry element SMES
690 ## - LOCAL SUBJECT ADDED ENTRY--TOPICAL TERM (OCLC, RLIN)
Topical term or geographic name as entry element ECONOMIC ISSUES
942 ## - ADDED ENTRY ELEMENTS (KOHA)
Suppress in OPAC 0
Holdings
Withdrawn status Lost status Source of classification or shelving scheme Damaged status Not for loan Home library Current library Shelving location Date acquired Total Checkouts Full call number Barcode Date last seen Copy number Price effective from Koha item type
    Dewey Decimal Classification     London London News article 25/09/2003   WB3936-09 123729-1001 06/08/2019 1 06/08/2019 News article